World Capitals Closest to Grytviken - Statistics

General Stats
  • This quiz has been taken 936 times
  • The average score is 15 of 20
Answer Stats
km capital miles % Correct
2774 Buenos Aires 1724
94%
4398 Brasilia 2733
93%
3532 Santiago 2194
93%
2647 Montevideo 1645
91%
5890 Lima 3660
89%
5011 La Paz 3133
88%
6092 Pretoria 3786
86%
3669 Asunción 2280
83%
7136 Quito 4434
82%
6692 Luanda 4158
76%
5657 Windhoek 3515
74%
6959 Harare 4324
66%
7094 Georgetown 4408
65%
6918 Paramaribo 4298
64%
7000 Lusaka 2350
62%
6361 Maputo 3952
60%
6038 Gaborone 3752
57%
6236 Mbabane 3875
55%
5747 Maseru 3571
54%
7158 Monrovia 4448
22%
No matching quizzes found
Score Distribution
Percent of People with Each Score
Percentile by Number Answered
Your Score History
You have not taken this quiz